书目信息 |
| 题名: |
工程力学
|
|
| 作者: | 王洪 , 银金光 主编 | |
| 分册: | ||
| 出版信息: | 北京 中国林业出版社 2006.03 |
|
| 页数: | 352页 | |
| 开本: | 20cm | |
| 丛书名: | ||
| 单 册: | ||
| 中图分类: | TB12 | |
| 科图分类: | ||
| 主题词: | ||
| 电子资源: | ||
| ISBN: | 7-5038-4277-6 | |
| 000 | 00558nam0 2200193 450 | |
| 001 | 0641782028 | |
| 005 | 20061123094712.85 | |
| 010 | @a7-5038-4277-6@dCNY 35.00 | |
| 100 | @a20060428d2006 km y0chiy0120 ea | |
| 101 | 0 | @achi |
| 102 | @aCN@b110000 | |
| 200 | 1 | @a工程力学@Agong cheng li xue@f王洪,银金光主编@Fwang hong,yin jin guang zhu bian |
| 210 | @a北京@c中国林业出版社@d2006.03 | |
| 215 | @a352页@d20cm | |
| 690 | @aTB12@v4 | |
| 701 | 0 | @a王洪@Awang hong@4主编 |
| 701 | 0 | @a银金光@Ayin jin guang@4主编 |
| 801 | 0 | @aCN@c20061123 |
| 905 | @a10447@dTB12@eW202 | |
| 工程力学/王洪,银金光主编.-北京:中国林业出版社,2006.03 |
| 352页;20cm |
| ISBN 7-5038-4277-6:CNY 35.00 |
| ● |
| 相关链接 |
|
|
|
正题名:工程力学
索取号:TB12/W202
 
预约/预借
| 序号 | 登录号 | 条形码 | 馆藏地/架位号 | 状态 | 备注 |
| 1 | 602498 | 206024988 | 期刊室512/501自科库 3排1列4层/ [索取号:TB12/W202] | 在馆 | |
| 2 | 602499 | 206024997 | 自科库501/501自科库 3排1列4层/ [索取号:TB12/W202] | 在馆 | |
| 3 | 602500 | 206025004 | 自科库501/501自科库 3排1列4层/ [索取号:TB12/W202] | 在馆 | |
| 4 | 614841 | 206148417 | 期刊室512/501自科库 3排1列4层/ [索取号:TB12/W202] | 在馆 |